Statistics for Biggest Cities by Population in California

Click here to take the quiz!

General Stats

  • This quiz has been taken 51 times
  • The average score is 16 of 20

Answer Stats

PopulationCities% Correct
3,990,456Los Angeles
100%
508,529Sacramento
100%
1,425,976San Diego
100%
883,305San Francisco
100%
1,030,119San Jose
100%
429,082Oakland
95%
530,093Fresno
90%
352,005Anaheim
85%
467,354Long Beach
85%
383,579Bakersfield
83%
330,063Riverside
76%
311,178Stockton
73%
332,725Santa Ana
71%
215,941San Bernardino
68%
271,651Chula Vista
66%
282,572Irvine
61%
215,030Modesto
59%
210,089Santa Clarita
51%
237,807Fremont
46%
213,739Fontana
44%

Score Distribution

Percentile by Number Answered

Percent of People with Each Score

Your Score History

You have not taken this quiz